Microteaching: (Record no. 211394)

MARC details
000 -LEADER
fixed length control field 00564nam a22001817a 4500
005 - DATE AND TIME OF LATEST TRANSACTION
control field 20250523113034.0
010 ## - LCCN (DPL NO)
LC control number ENG-144976
020 ## - INTERNATIONAL STANDARD BOOK NUMBER
Terms of availability 280.00
International Standard Book Number 9788119042289
035 ## - SYSTEM CONTROL NUMBER
System control number EN-128508
037 ## - SOURCE OF ACQUISITION
Source of stock number/acquisition DBAD
082 ## - DEWEY DECIMAL CLASSIFICATION NUMBER
Classification number 370.71
100 ## - MAIN ENTRY--PERSONAL NAME
Personal name Usha, G.
245 ## - TITLE STATEMENT
Title Microteaching:
Remainder of title Skillls & Episodes/
Statement of responsibility, etc G. Usha
260 ## - PUBLICATION, DISTRIBUTION, ETC. (IMPRINT)
Place of publication, distribution, etc Tamil Nadu
Date of publication, distribution, etc 2023
Name of publisher, distributor, etc Shanlax
270 ## - ADDRESS
Address 61,66 T.P.K. Main Road Vasantha Nagar Madurai
Postal code 625003
City Tamil Nadu
Electronic mail address publisher @shanlaxpublications.com
300 ## - PHYSICAL DESCRIPTION
Extent 192p.
Other physical details 22cm(pb)
942 ## - ADDED ENTRY ELEMENTS (KOHA)
Source of classification or shelving scheme Dewey Decimal Classification
Item type English Books
Classification part 370.71
Call number suffix USH
Holdings
Withdrawn status Lost status Not for loan Collection code Home library Current library Date acquired Source of acquisition Cost, normal purchase price Full call number Barcode Copy number Cost, replacement price Koha item type
      Non-fiction New Police Line New Police Line 23/05/2025 Delivery of Books Act Division 280.00 370.71 USH EN-128508 1 280.00 English Books

© Delhi Public Library
Hit Counter
free hit counter